[Event "23. Copenhagen Open  (Politiken Cup)"]
[Site "Copenhagen"]
[Date "2001.07.25"]
[Round "9"]
[White "Nielsen, Frode Benedikt"]
[Black "Rasmussen, Henning Lau"]
[Result "1/2-1/2"]
[WhiteElo "1834"]
[BlackElo "2015"]
[PlyCount "135"]
[EventDate "2001.07.16"]
[EventType "swiss"]
[EventRounds "11"]
[EventCountry "DEN"]
[SourceDate "2004.01.01"]

1. e4 g6 2. Bc4 Bg7 3. Nc3 e6 4. d3 Ne7 5. Nge2 c5 6. O-O Nbc6 7. Qe1 O-O 8. f4
d5 9. Bb3 Nd4 10. Nxd4 cxd4 11. Nd1 dxe4 12. dxe4 b6 13. Nf2 Ba6 14. Nd3 Rc8
15. Rf3 Bc4 16. Bxc4 Rxc4 17. Qe2 Qc8 18. Ne1 Qc5 19. Rd3 Qc8 20. b3 Rc7 21.
Ba3 Re8 22. Bxe7 Rcxe7 23. e5 Qc5 24. Rad1 Qa3 25. Rxd4 Qxa2 26. Ra4 Qb2 27.
Nd3 Qc3 28. Rc4 Qa5 29. Nb4 b5 30. Rcd4 Rc8 31. Qd2 Ree8 32. Kf1 f6 33. Nd3 Qc7
34. Ra1 fxe5 35. fxe5 Bxe5 36. Nxe5 Qxe5 37. Rxa7 Qxh2 38. Rdd7 Rf8+ 39. Rf7
Qh1+ 40. Kf2 Qh4+ 41. Kg1 Rxf7 42. Rxf7 Rxc2 43. Qxc2 Kxf7 44. Qc7+ Qe7 45.
Qf4+ Qf6 46. Qc7+ Qe7 47. Qf4+ Kg7 48. Qe5+ Qf6 49. Qc7+ Kh6 50. Qh2+ Kg5 51.
Qg3+ Kh5 52. Qh2+ Qh4 53. Qe5+ Qg5 54. Qe2+ Kh6 55. Qxe6 Qc5+ 56. Kh2 Qc3 57.
Qg8 b4 58. Qf7 Qe5+ 59. Kg1 Qd6 60. Qg8 g5 61. Kf2 Qf4+ 62. Ke2 g4 63. Qd5 Kg6
64. Qg8+ Kh6 65. Qd5 Kg7 66. Qd7+ Kg6 67. Qd3+ Kh6 68. Qd5 1/2-1/2

[Event "23. Copenhagen Open  (Politiken Cup)"]
[Site "Copenhagen"]
[Date "2001.07.25"]
[Round "9"]
[White "Nielsen, Marianne Izaura"]
[Black "Hau, Helge"]
[Result "1/2-1/2"]
[WhiteElo "1371"]
[BlackElo "1525"]
[PlyCount "23"]
[EventDate "2001.07.16"]
[EventType "swiss"]
[EventRounds "11"]
[EventCountry "DEN"]
[SourceDate "2004.01.01"]

1. d4 f5 2. Nc3 Nf6 3. Bg5 e6 4. e4 fxe4 5. Nxe4 Be7 6. Bd3 O-O 7. Nxf6+ Bxf6
8. Qh5 Bxg5 9. Qxh7+ Kf7 10. Qg6+ Kg8 11. Qh7+ Kf7 12. Qg6+ 1/2-1/2

[Event "23. Copenhagen Open  (Politiken Cup)"]
[Site "Copenhagen"]
[Date "2001.07.25"]
[Round "9"]
[White "Nielsen, Michael"]
[Black "Hoff, Terje"]
[Result "1-0"]
[WhiteElo "1789"]
[BlackElo "2038"]
[PlyCount "87"]
[EventDate "2001.07.16"]
[EventType "swiss"]
[EventRounds "11"]
[EventCountry "DEN"]
[SourceDate "2004.01.01"]

1. e4 g6 2. d4 Bg7 3. Be3 d6 4. Nc3 Nf6 5. f3 Nc6 6. Qd2 Nd7 7. Nge2 e5 8. d5
Ne7 9. g4 Nb6 10. Ng3 Bd7 11. O-O-O Na4 12. Nxa4 Bxa4 13. Qb4 Bd7 14. h4 h6 15.
Be2 a5 16. Qd2 b5 17. f4 exf4 18. Bxf4 a4 19. Bf3 b4 20. Rhe1 b3 21. cxb3 axb3
22. a3 g5 23. hxg5 hxg5 24. Bxg5 Rh3 25. Nh5 Be5 26. Bg2 Rxa3 27. bxa3 b2+ 28.
Kb1 Rxa3 29. Nf6+ Bxf6 30. Bxf6 Ra1+ 31. Kxb2 Ra6 32. Rh1 Qb8+ 33. Kc1 Ng6 34.
Qh6 Ra1+ 35. Bxa1 Qb3 36. Qg7 Ba4 37. Qc3 Qb6 38. Rd2 Ne5 39. Rb2 Qa7 40. Ra2
Nxg4 41. Qh8+ Kd7 42. Bh3 Qe3+ 43. Rd2 Qxe4 44. Bxg4+ 1-0

[Event "23. Copenhagen Open  (Politiken Cup)"]
[Site "Copenhagen"]
[Date "2001.07.25"]
[Round "9"]
[White "Nielsen, Nicholas Roland"]
[Black "Tandrup, Michael"]
[Result "1-0"]
[WhiteElo "2065"]
[BlackElo "1795"]
[PlyCount "81"]
[EventDate "2001.07.16"]
[EventType "swiss"]
[EventRounds "11"]
[EventCountry "DEN"]
[SourceDate "2004.01.01"]

1. e4 d5 2. e5 c5 3. f4 Nc6 4. Nf3 Bg4 5. Be2 e6 6. O-O Nh6 7. Nc3 c4 8. Kh1
Nf5 9. d3 cxd3 10. Bxd3 Bc5 11. Bxf5 Bxf5 12. Na4 Be7 13. Be3 Qa5 14. c3 b5 15.
Nc5 b4 16. Nb3 Qa4 17. Nbd4 Qxd1 18. Raxd1 Nxd4 19. Nxd4 Bg4 20. Rd2 bxc3 21.
bxc3 Bc5 22. h3 Bxd4 23. Bxd4 Bf5 24. Rb2 O-O 25. Rff2 Bd3 26. Rb7 Ba6 27. Rxa7
Rxa7 28. Bxa7 Rc8 29. Rc2 g6 30. Bd4 Rb8 31. Bc5 Rb1+ 32. Kh2 Bd3 33. Rd2 Be4
34. Bb4 Rf1 35. a4 Rxf4 36. a5 Rf1 37. Ra2 d4 38. cxd4 Bd5 39. Rc2 Kg7 40. Rc8
Rf2 41. Bf8+ 1-0

[Event "23. Copenhagen Open  (Politiken Cup)"]
[Site "Copenhagen"]
[Date "2001.07.25"]
[Round "9"]
[White "Nielsen, Peter Heine"]
[Black "Brynell, Stellan"]
[Result "1/2-1/2"]
[WhiteElo "2593"]
[BlackElo "2486"]
[PlyCount "73"]
[EventDate "2001.07.16"]
[EventType "swiss"]
[EventRounds "11"]
[EventCountry "DEN"]
[SourceDate "2004.01.01"]

1. d4 e6 2. Nf3 Nf6 3. c4 c5 4. Nc3 cxd4 5. Nxd4 Nc6 6. Bf4 d5 7. cxd5 Nxd5 8.
Nxc6 bxc6 9. Bd2 Bb4 10. Qc2 O-O 11. e3 Qa5 12. Bd3 h6 13. O-O Nxc3 14. bxc3
Bd6 15. c4 Qc7 16. h3 c5 17. Bc3 Rb8 18. Rab1 Bd7 19. Rfd1 Bc6 20. Bh7+ Kh8 21.
Be4 Rfd8 22. f4 f5 23. Bxc6 Qxc6 24. Rxb8 Rxb8 25. Qd2 Rb6 26. Qc2 Kg8 27. Kf2
Qe4 28. Qxe4 fxe4 29. Ke2 Kf7 30. Kd2 Ra6 31. Kc1 g6 32. Kb2 Ke7 33. a3 Bc7 34.
Be5 Bxe5+ 35. fxe5 Rb6+ 36. Ka2 a5 37. Rb1 1/2-1/2

[Event "23. Copenhagen Open  (Politiken Cup)"]
[Site "Copenhagen"]
[Date "2001.07.25"]
[Round "9"]
[White "Nielsen, Thomas"]
[Black "Li, Mike"]
[Result "1/2-1/2"]
[WhiteElo "2025"]
[BlackElo "1056"]
[PlyCount "78"]
[EventDate "2001.07.16"]
[EventType "swiss"]
[EventRounds "11"]
[EventCountry "DEN"]
[SourceDate "2004.01.01"]

1. c4 b6 2. d4 e6 3. Nc3 Bb7 4. Bf4 Bb4 5. a3 Bxc3+ 6. bxc3 f5 7. e3 Nf6 8. Nf3
O-O 9. Bd3 d6 10. Qb3 c5 11. Rd1 Qe7 12. dxc5 dxc5 13. Be2 Ne4 14. h4 Nd7 15.
Ne5 Nxe5 16. Bxe5 Rad8 17. f3 Nf6 18. a4 Nh5 19. Kf2 f4 20. exf4 Nxf4 21. Bxf4
Rxf4 22. Rxd8+ Qxd8 23. g3 Rf8 24. Rd1 Qf6 25. Rd3 e5 26. Re3 g5 27. hxg5 Qxg5
28. Qd1 Qh5 29. Kg2 Qg5 30. Qd3 Qf6 31. Qd7 Bc8 32. Qd5+ Be6 33. Qxe5 Qxe5 34.
Rxe5 Re8 35. f4 Bd7 36. Rg5+ Kf8 37. Bh5 Re3 38. a5 Rxc3 39. axb6 axb6 1/2-1/2

[Event "23. Copenhagen Open  (Politiken Cup)"]
[Site "Copenhagen"]
[Date "2001.07.25"]
[Round "9"]
[White "Nielsen, Torben"]
[Black "Trarup, Jorgen"]
[Result "1-0"]
[WhiteElo "1840"]
[BlackElo "1298"]
[PlyCount "135"]
[EventDate "2001.07.16"]
[EventType "swiss"]
[EventRounds "11"]
[EventCountry "DEN"]
[SourceDate "2004.01.01"]

1. d4 Nf6 2. c4 g6 3. Nc3 Bg7 4. e4 O-O 5. Be2 d6 6. Bg5 c6 7. Nf3 Qb6 8. Qd2
Re8 9. O-O Bg4 10. Rfd1 Bxf3 11. Bxf3 Nfd7 12. Bg4 e6 13. Be3 Qc7 14. Rac1 Nb6
15. Be2 N8d7 16. b4 Qd8 17. c5 Nc8 18. f4 d5 19. e5 Ne7 20. g4 f5 21. g5 Kf7
22. b5 Rh8 23. Rb1 h6 24. h4 hxg5 25. hxg5 Rh3 26. Bf1 Rg3+ 27. Bg2 Qh8 28. Bf2
Rg4 29. Kf1 Qh2 30. Bf3 Rxf4 31. Ke2 Rxf3 32. Kxf3 Qh8 33. bxc6 bxc6 34. Rb7
Nxe5+ 35. dxe5 Bxe5 36. Ke2 Bxc3 37. Qe3 Qh5+ 38. Qf3 Qxf3+ 39. Kxf3 Bg7 40.
Bg3 e5 41. Rh1 f4 42. Bf2 Bf8 43. Rhb1 a5 44. a4 Kg7 45. Rb8 Rxb8 46. Rxb8 Nf5
47. Rc8 Ne7 48. Ra8 Kf7 49. Rxa5 Nf5 50. Ra6 Ne7 51. a5 Ke6 52. Ra8 Bg7 53. Re8
Kd7 54. Rxe7+ Kxe7 55. a6 Ke6 56. a7 Kf5 57. a8=Q e4+ 58. Ke2 f3+ 59. Kd2 d4
60. Qxc6 e3+ 61. Bxe3 dxe3+ 62. Kxe3 Kxg5 63. Kxf3 Bf6 64. Qd5+ Kh6 65. c6 g5
66. Qf7 Bd8 67. Kg4 Ba5 68. Kf5 1-0

[Event "23. Copenhagen Open  (Politiken Cup)"]
[Site "Copenhagen"]
[Date "2001.07.25"]
[Round "9"]
[White "Nilssen, John Arni"]
[Black "Pedersen, Steffen"]
[Result "1/2-1/2"]
[WhiteElo "2333"]
[BlackElo "2453"]
[PlyCount "50"]
[EventDate "2001.07.16"]
[EventType "swiss"]
[EventRounds "11"]
[EventCountry "DEN"]
[SourceDate "2004.01.01"]

1. d4 Nf6 2. c4 c5 3. d5 b5 4. cxb5 a6 5. b6 d6 6. Nc3 Nbd7 7. a4 Qxb6 8. a5
Qb4 9. Ra4 Qb7 10. e4 g6 11. Nf3 Bg7 12. Bc4 O-O 13. O-O Ne8 14. Ra2 Nc7 15.
Qd3 Nf6 16. h3 Bd7 17. Na4 Bb5 18. Nb6 Rad8 19. b4 cxb4 20. Nd4 Nxe4 21. Qxe4
Bxc4 22. Nxc4 Qxd5 23. Qxd5 Nxd5 24. Bb2 Rb8 25. Ne3 Nc3 1/2-1/2

[Event "23. Copenhagen Open  (Politiken Cup)"]
[Site "Copenhagen"]
[Date "2001.07.25"]
[Round "9"]
[White "Nilsson, Nils Specht"]
[Black "Jacobsen, Bo"]
[Result "1-0"]
[WhiteElo "2218"]
[BlackElo "2274"]
[PlyCount "65"]
[EventDate "2001.07.16"]
[EventType "swiss"]
[EventRounds "11"]
[EventCountry "DEN"]
[SourceDate "2004.01.01"]

1. Nf3 g6 2. d4 Bg7 3. e4 d6 4. g3 Bd7 5. Bg2 Qc8 6. O-O Bh3 7. Bxh3 Qxh3 8.
Ng5 Qd7 9. f4 h6 10. Nf3 Na6 11. c3 Nf6 12. Qe2 e6 13. e5 Nd5 14. Nbd2 O-O-O
15. Ne4 Ne7 16. b4 Nb8 17. b5 b6 18. Ba3 d5 19. Ned2 Bf8 20. Bxe7 Bxe7 21. a4
c6 22. Rfb1 a5 23. bxc6 Qxc6 24. Rb5 Rd7 25. Rab1 Bd8 26. c4 Ra7 27. Rc1 Kb7
28. Nb3 dxc4 29. Rxc4 Qe8 30. Qe4+ Nc6 31. d5 exd5 32. Qxd5 Qe6 33. Nc5+ 1-0

[Event "23. Copenhagen Open  (Politiken Cup)"]
[Site "Copenhagen"]
[Date "2001.07.25"]
[Round "9"]
[White "Pedersen, Christian K"]
[Black "Palo, Davor"]
[Result "1-0"]
[WhiteElo "2280"]
[BlackElo "2325"]
[PlyCount "163"]
[EventDate "2001.07.16"]
[EventType "swiss"]
[EventRounds "11"]
[EventCountry "DEN"]
[SourceDate "2004.01.01"]

1. Nf3 c5 2. e4 Nc6 3. d3 g6 4. g3 Bg7 5. Bg2 e5 6. O-O Nge7 7. c3 O-O 8. a3 d6
9. b4 h6 10. Nbd2 Be6 11. Rb1 cxb4 12. axb4 b5 13. Bb2 a5 14. bxa5 Qxa5 15. d4
exd4 16. cxd4 Ba2 17. Rc1 Qa4 18. e5 Qxd1 19. Rfxd1 d5 20. Rc5 Rfb8 21. Ne1 Nd8
22. Rc7 Bf8 23. Nd3 Nf5 24. Rd7 Ne6 25. Bxd5 Bxd5 26. Rxd5 Rd8 27. Ne4 Rxd5 28.
Nf6+ Kh8 29. Nxd5 Nfxd4 30. N3f4 Nxf4 31. Nxf4 Ne6 32. Rd7 Kg8 33. Nd5 Bc5 34.
Rb7 Rd8 35. Nf6+ Kg7 36. Rxb5 Bd4 37. Kg2 Bxb2 38. Rxb2 g5 39. Rb7 Kg6 40. Ne4
Rd5 41. Nd6 f6 42. Nf7 fxe5 43. Nh8+ Kf5 44. Rf7+ Ke4 45. Rf6 Nc5 46. Nf7 Rd2
47. Rxh6 Nd3 48. Rf6 g4 49. Nh6 Ne1+ 50. Kf1 Nf3 51. Nxg4 Rd1+ 52. Kg2 Rg1+ 53.
Kh3 Ng5+ 54. Kh4 Nf3+ 55. Kh5 Nxh2 56. Nxh2 Rh1 57. f3+ Ke3 58. Kg4 Rxh2 59.
Re6 Kf2 60. Rxe5 Rg2 61. Kf4 Rg1 62. g4 Kg2 63. Re2+ Kh3 64. Kf5 Rf1 65. f4 Kg3
66. Kg5 Kf3 67. Ra2 Rg1 68. Kf5 Kg3 69. Ra3+ Kh4 70. g5 Rb1 71. Ra6 Rb5+ 72.
Kg6 Rb8 73. Rf6 Kg4 74. Kg7 Kh5 75. g6 Rb7+ 76. Rf7 Rb6 77. f5 Kg5 78. Kg8 Rb8+
79. Rf8 Rb7 80. g7 Kh6 81. f6 Kg6 82. Kh8 1-0

[Event "23. Copenhagen Open  (Politiken Cup)"]
[Site "Copenhagen"]
[Date "2001.07.25"]
[Round "9"]
[White "Pedersen, Kaj Vinding"]
[Black "Edvardsson, Hannu Kalervo"]
[Result "1-0"]
[WhiteElo "1549"]
[BlackElo "1300"]
[PlyCount "109"]
[EventDate "2001.07.16"]
[EventType "swiss"]
[EventRounds "11"]
[EventCountry "DEN"]
[SourceDate "2004.01.01"]

1. d4 d5 2. Nf3 e6 3. Bf4 Nf6 4. e3 Be7 5. Be2 c6 6. h3 b5 7. O-O O-O 8. Ne5
Bb7 9. Bh2 Nbd7 10. f4 Nxe5 11. fxe5 Ne4 12. Nd2 Nxd2 13. Qxd2 f5 14. exf6 Bxf6
15. c3 Qe7 16. a4 a6 17. axb5 axb5 18. Rxa8 Rxa8 19. b4 e5 20. Bg4 Bc8 21. Bxc8
Rxc8 22. Ra1 exd4 23. exd4 h6 24. Re1 Qf7 25. Qe2 Qb7 26. Qe6+ Kh8 27. Bf4 Kh7
28. Qf5+ Kg8 29. Kh1 Bg5 30. Bxg5 hxg5 31. Qxg5 Rf8 32. g3 Qf7 33. Qe3 Qf3+ 34.
Kg1 Qe4 35. Qxe4 dxe4 36. Re3 Re8 37. g4 g5 38. Kg2 Kg7 39. Kg3 Kg6 40. h4
gxh4+ 41. Kxh4 Rh8+ 42. Kg3 Re8 43. Kf4 Re7 44. Rxe4 Rf7+ 45. Kg3 Rf6 46. Re5
Rd6 47. g5 Kg7 48. Kg4 Kg6 49. Kf4 Kg7 50. Kf5 Kf7 51. Re3 Rd5+ 52. Re5 Rd6 53.
Rc5 Rg6 54. d5 cxd5 55. Rc7+ 1-0

[Event "23. Copenhagen Open  (Politiken Cup)"]
[Site "Copenhagen"]
[Date "2001.07.25"]
[Round "9"]
[White "Petersen, Nils"]
[Black "Wilsbeck, Jan Borge"]
[Result "0-1"]
[WhiteElo "2050"]
[BlackElo "1761"]
[PlyCount "80"]
[EventDate "2001.07.16"]
[EventType "swiss"]
[EventRounds "11"]
[EventCountry "DEN"]
[SourceDate "2004.01.01"]

1. c4 Nf6 2. Nc3 e6 3. e4 Bb4 4. e5 Ng8 5. Qg4 Kf8 6. d4 h5 7. Qf3 Nc6 8. Be3
d6 9. exd6 cxd6 10. Bd3 e5 11. d5 Nd4 12. Qd1 Nf6 13. h3 Qa5 14. Bd2 Bd7 15.
Nge2 Nxe2 16. Qxe2 Re8 17. O-O Qc7 18. a3 Bxc3 19. Bxc3 h4 20. Qe3 Nh5 21. Qxa7
Nf4 22. Qe3 g5 23. Rfc1 g4 24. Bf1 gxh3 25. gxh3 Rg8+ 26. Kh2 Qd8 27. Qf3 Qg5
28. Qh1 Nh5 29. Bg2 Nf4 30. Bf1 Nxh3 31. Bd2 Qxd2 32. Qf3 Qxf2+ 33. Qxf2 Nxf2
34. b4 Ng4+ 35. Kh1 Ke7 36. c5 Rc8 37. Rc3 f5 38. Rac1 f4 39. Bc4 Nf2+ 40. Kh2
Rg3 0-1

[Event "23. Copenhagen Open  (Politiken Cup)"]
[Site "Copenhagen"]
[Date "2001.07.25"]
[Round "9"]
[White "Petersen, Peter Birk"]
[Black "Nielsen, Henrik Lindholt"]
[Result "1-0"]
[WhiteElo "2230"]
[BlackElo "2005"]
[PlyCount "115"]
[EventDate "2001.07.16"]
[EventType "swiss"]
[EventRounds "11"]
[EventCountry "DEN"]
[SourceDate "2004.01.01"]

1. e4 c5 2. Nf3 Nc6 3. d4 cxd4 4. Nxd4 e5 5. Nb5 a6 6. Nd6+ Bxd6 7. Qxd6 Qf6 8.
Qd2 Qg6 9. Nc3 Nf6 10. f3 d5 11. Bd3 dxe4 12. Nxe4 Nxe4 13. fxe4 O-O 14. O-O f5
15. exf5 Bxf5 16. Bxf5 Rxf5 17. Qd5+ Kh8 18. Be3 Raf8 $11 19. Rxf5 Qxf5 20. Bc5
Rf7 21. Qc4 Kg8 22. Rd1 Qf4 23. Qd5 h6 24. h3 Kh8 25. c3 Rf5 26. Qd7 Rf7 27.
Qd3 Qg5 28. b4 Qh5 29. Re1 Qf5 30. Qxf5 Rxf5 31. Rf1 Rxf1+ 32. Kxf1 Kg8 33. Ke2
Kf7 34. Kd3 g6 35. Ke4 Ke6 36. Bb6 Nb8 37. a4 Nd7 38. Be3 h5 39. c4 Nf6+ 40.
Kd3 Nd7 41. a5 Kd6 42. Bg5 Ke6 43. Bd8 Nb8 44. Bc7 Nd7 $11 45. Bd8 Nb8 46. Bh4
Nc6 47. Be1 Nb8 48. b5 Nd7 49. Bf2 Kd6 50. Ke4 Nf6+ 51. Kf3 Nd7 52. Be3 Ke6 53.
c5 Nb8 54. c6 Kd6 55. Ba7 Kc7 56. b6+ Kc8 57. Bxb8 Kxb8 58. c7+ 1-0

[Event "23. Copenhagen Open  (Politiken Cup)"]
[Site "Copenhagen"]
[Date "2001.07.25"]
[Round "9"]
[White "Radovic, Slobodan"]
[Black "Andersen, Matias Lolk"]
[Result "1-0"]
[WhiteElo "1492"]
[BlackElo "1146"]
[PlyCount "45"]
[EventDate "2001.07.16"]
[EventType "swiss"]
[EventRounds "11"]
[EventCountry "DEN"]
[SourceDate "2004.01.01"]

1. e4 e5 2. a3 Bc5 3. Nf3 d6 4. Bc4 Nc6 5. Nc3 Nge7 6. O-O O-O 7. b4 Bb6 8. b5
Na5 9. Ba2 c6 10. Kh1 Kh8 11. a4 a6 12. Ng5 f5 13. Nxh7 Qe8 14. Nxf8 Ng8 15.
Qf3 Qxf8 16. Bxg8 Kxg8 17. d3 Qf6 18. Be3 Bxe3 19. fxe3 g6 20. exf5 Qxf5 21.
Ne4 Qxf3 22. Rxf3 Bg4 23. Nf6+ 1-0

[Event "23. Copenhagen Open  (Politiken Cup)"]
[Site "Copenhagen"]
[Date "2001.07.25"]
[Round "9"]
[White "Rasmussen, Henning"]
[Black "Pallesen, Jacob"]
[Result "0-1"]
[WhiteElo "1925"]
[BlackElo "2061"]
[PlyCount "74"]
[EventDate "2001.07.16"]
[EventType "swiss"]
[EventRounds "11"]
[EventCountry "DEN"]
[SourceDate "2004.01.01"]

1. d4 f5 2. Bg5 g6 3. c4 Bg7 4. e3 Nf6 5. Bxf6 Bxf6 6. Nc3 d6 7. Nf3 Na6 8. Be2
c5 9. O-O Bd7 10. a3 Rb8 11. Rb1 O-O 12. b4 b6 13. Qc2 f4 14. Bd3 Bg7 15. Nd5
fxe3 16. fxe3 Bg4 17. dxc5 bxc5 18. b5 Nc7 19. Nxc7 Qxc7 20. Be4 Qa5 21. a4 Bf5
22. Bxf5 Rxf5 23. Nh4 Rxf1+ 24. Rxf1 Rf8 25. Rxf8+ Kxf8 26. Nf3 Qb4 27. Nd2 Bc3
28. Nf1 Qxc4 29. g3 Qb4 30. Kf2 Bf6 31. Nd2 d5 32. Ke2 Ke8 33. Kf2 Kd7 34. Nb3
Kd6 35. Kf3 c4 36. Nd4 Bxd4 37. exd4 Qb3+ 0-1

[Event "23. Copenhagen Open  (Politiken Cup)"]
[Site "Copenhagen"]
[Date "2001.07.25"]
[Round "9"]
[White "Rendboe, John Filip"]
[Black "Olesen, Michael Bonding"]
[Result "1-0"]
[WhiteElo "2243"]
[BlackElo "1891"]
[PlyCount "75"]
[EventDate "2001.07.16"]
[EventType "swiss"]
[EventRounds "11"]
[EventCountry "DEN"]
[SourceDate "2004.01.01"]

1. d4 c5 2. d5 e6 3. c4 exd5 4. cxd5 d6 5. Nc3 Ne7 6. g3 Ng6 7. Bg2 Be7 8. Nf3
O-O 9. O-O a6 10. a4 Nd7 11. Nd2 Rb8 12. a5 Qc7 13. Nc4 Nge5 14. Ne3 b5 15. f4
Ng6 16. Nf5 Re8 17. Nxe7+ Rxe7 18. e4 f6 19. h4 c4 20. Be3 Nc5 21. h5 Nf8 22.
Qc2 Bd7 23. Rad1 Rbe8 24. Qf2 Nd3 25. Qd2 Qxa5 26. Ra1 Qb4 27. Rxa6 Qxb2 28.
Qxb2 Nxb2 29. Rb1 Nd3 30. Nxb5 Bxb5 31. Rxb5 f5 32. Rxd6 fxe4 33. Rc6 Nd7 34.
d6 Rf7 35. Rxc4 Nf6 36. Bh3 Kf8 37. Rc7 Ra8 38. Be6 1-0

[Event "23. Copenhagen Open  (Politiken Cup)"]
[Site "Copenhagen"]
[Date "2001.07.25"]
[Round "9"]
[White "Robertsen, Thomas"]
[Black "Olsen, Miriam Frida"]
[Result "1-0"]
[WhiteElo "2034"]
[BlackElo "1604"]
[PlyCount "41"]
[EventDate "2001.07.16"]
[EventType "swiss"]
[EventRounds "11"]
[EventCountry "DEN"]
[SourceDate "2004.01.01"]

1. e4 c5 2. Nf3 d6 3. c3 Nc6 4. Be2 Nf6 5. d4 cxd4 6. cxd4 e6 7. Nc3 d5 8. e5
Ne4 9. O-O Qb6 10. Bd3 Nxc3 11. bxc3 Bd7 12. Re1 Rc8 13. Rb1 Qc7 14. Ng5 Na5
15. Bd2 h5 16. Qf3 Bc6 17. Qh3 Qd7 18. f4 Be7 19. f5 Bxg5 20. Bxg5 Ba4 21. fxe6
1-0

[Event "23. Copenhagen Open  (Politiken Cup)"]
[Site "Copenhagen"]
[Date "2001.07.25"]
[Round "9"]
[White "Romsdal, Trond"]
[Black "Christensen, Christian"]
[Result "1-0"]
[WhiteElo "2225"]
[BlackElo "1972"]
[PlyCount "65"]
[EventDate "2001.07.16"]
[EventType "swiss"]
[EventRounds "11"]
[EventCountry "DEN"]
[SourceDate "2004.01.01"]

1. d4 d6 2. Nf3 g6 3. c4 f5 4. Nc3 Nf6 5. g3 Bg7 6. Bg2 O-O 7. O-O Nc6 8. d5
Na5 9. Qd3 c5 10. b3 a6 11. Bb2 b5 12. cxb5 Ne4 13. b6 c4 14. Qc2 cxb3 15. axb3
Qxb6 16. Nxe4 Bxb2 17. Qxb2 fxe4 18. Nd4 Rb8 19. Rxa5 Qxa5 20. Nc6 Qc7 21. Nxb8
Qxb8 22. Bxe4 Bh3 23. Bg2 Bxg2 24. Kxg2 Qb7 25. Rd1 e6 26. e4 exd5 27. Rxd5 Rb8
28. Qd4 Qxb3 29. Rxd6 Rf8 30. Rxa6 Qf3+ 31. Kg1 Rc8 32. Qd5+ Kg7 33. Qd7+ 1-0

[Event "23. Copenhagen Open  (Politiken Cup)"]
[Site "Copenhagen"]
[Date "2001.07.25"]
[Round "9"]
[White "Schmidt, Horst Hubert"]
[Black "Jensen, Dan Bronnum"]
[Result "1-0"]
[WhiteElo "1674"]
[BlackElo "1324"]
[PlyCount "65"]
[EventDate "2001.07.16"]
[EventType "swiss"]
[EventRounds "11"]
[EventCountry "DEN"]
[SourceDate "2004.01.01"]

1. d4 f5 2. e4 fxe4 3. Nc3 Nf6 4. Bg5 d5 5. Bxf6 exf6 6. Qh5+ g6 7. Qxd5 Qe7 8.
Qxe4 c6 9. O-O-O Bf5 10. Qxe7+ Bxe7 11. d5 O-O 12. d6 Bd8 13. Bc4+ Kg7 14. f3
b5 15. Bd3 Bd7 16. h4 f5 17. Nge2 Bb6 18. f4 b4 19. Nb1 a5 20. Nd2 Be3 21. Kb1
Re8 22. Nc4 c5 23. h5 Nc6 24. Rh3 Bd4 25. hxg6 hxg6 26. Nb6 Ra7 27. Bb5 Nb8 28.
Nxd4 cxd4 29. Nxd7 Nxd7 30. Rdh1 Rd8 31. Rh7+ Kf6 32. Bc4 Rf8 33. Re1 1-0

[Event "23. Copenhagen Open  (Politiken Cup)"]
[Site "Copenhagen"]
[Date "2001.07.25"]
[Round "9"]
[White "Schmied, Andreas"]
[Black "Rosenberg, Jan"]
[Result "1-0"]
[WhiteElo "2138"]
[BlackElo "1785"]
[PlyCount "39"]
[EventDate "2001.07.16"]
[EventType "swiss"]
[EventRounds "11"]
[EventCountry "DEN"]
[SourceDate "2004.01.01"]

1. d4 Nf6 2. c4 c5 3. d5 b5 4. cxb5 a6 5. Nc3 axb5 6. e4 b4 7. Nb5 d6 8. Bc4 g6
9. e5 dxe5 10. d6 exd6 11. Bg5 Na6 12. Nf3 h6 13. Nxe5 Bg7 14. Nxd6+ Kf8 15.
Be3 Qc7 16. O-O Nd7 17. Nexf7 Ra7 18. Nxh8 Bxh8 19. Bxh6+ Ke7 20. Nb5 1-0

[Event "23. Copenhagen Open  (Politiken Cup)"]
[Site "Copenhagen"]
[Date "2001.07.25"]
[Round "9"]
[White "Schonberg, Niels Peder"]
[Black "Thomsen, Heinrich Kirch"]
[Result "1-0"]
[WhiteElo "1214"]
[BlackElo "1361"]
[PlyCount "119"]
[EventDate "2001.07.16"]
[EventType "swiss"]
[EventRounds "11"]
[EventCountry "DEN"]
[SourceDate "2004.01.01"]

1. d4 Nf6 2. Nf3 g6 3. Bf4 d6 4. h3 Bg7 5. Nc3 O-O 6. e3 Nh5 7. Bh2 Nd7 8. Bd3
c5 9. Ne2 Qc7 10. c3 a6 11. O-O f5 12. Bc4+ Kh8 13. Bb3 b5 14. Bc2 h6 15. Nf4
Nxf4 16. Bxf4 Bb7 17. Ne1 e5 18. Bh2 exd4 19. cxd4 Rac8 20. Rc1 Rfe8 21. Bb1
Qb6 22. dxc5 Nxc5 23. b4 Ne4 24. Bxe4 Rxc1 25. Qxc1 Rxe4 26. a3 Rc4 27. Qd2 d5
28. Nd3 d4 29. Re1 Qc6 30. f3 Rc2 31. Qd1 dxe3 32. Re2 Rxe2 33. Qxe2 Bd4 34.
Be5+ Bxe5 35. Nxe5 Qc1+ 36. Kh2 f4 37. Nxg6+ Kg7 38. Nxf4 Qxa3 39. Nd3 Bd5 40.
Qxe3 Bc4 41. Qe7+ Bf7 42. Ne5 Qb3 43. f4 Qe6 44. Qxe6 Bxe6 45. g4 a5 46. bxa5
b4 47. Nd3 b3 48. Nb2 h5 49. Kg3 hxg4 50. hxg4 Kf6 51. a6 Bd5 52. a7 Ke6 53.
Kh4 Kf6 54. Kh5 Kg7 55. g5 Bf3+ 56. Kh4 Be4 57. Kg4 Bd5 58. Kf5 Kf7 59. Ke5 Bf3
60. f5 1-0

[Event "23. Copenhagen Open  (Politiken Cup)"]
[Site "Copenhagen"]
[Date "2001.07.25"]
[Round "9"]
[White "Simonsen, Per"]
[Black "Spanton, Timothy"]
[Result "0-1"]
[WhiteElo "1723"]
[BlackElo "2051"]
[PlyCount "114"]
[EventDate "2001.07.16"]
[EventType "swiss"]
[EventRounds "11"]
[EventCountry "DEN"]
[SourceDate "2004.01.01"]

1. d4 Nf6 2. c4 e6 3. Nc3 d5 4. Bg5 c5 5. e3 cxd4 6. exd4 Bb4 7. Nf3 Nc6 8. Rc1
O-O 9. a3 Be7 10. Be2 dxc4 11. Bxc4 a6 12. Ba2 h6 13. Bh4 Bd7 14. O-O Rc8 15.
Qd3 Re8 16. Bb1 g6 17. Bg3 Nh5 18. Ne5 Nxe5 19. Bxe5 Bf6 20. f4 Bc6 21. Rce1
Bxe5 22. fxe5 Qg5 23. Ne4 Bxe4 24. Qxe4 Rc7 25. Qf3 Rd8 26. Re4 Rc1 27. Qxf7+
Kh8 28. Qf2 Rdc8 29. Ree1 Rxe1 30. Rxe1 Nf4 31. Kh1 Nd5 32. g3 h5 33. Be4 Rd8
34. Rf1 Ne3 35. Re1 Ng4 36. Qg1 Qd2 37. Rf1 Rxd4 38. Bxg6 Rc4 39. Bxh5 Qd5+ 40.
Qg2 Qxg2+ 41. Kxg2 Ne3+ 42. Kf2 Nxf1 43. Kxf1 Rc1+ 44. Kg2 Rc2+ 45. Kh3 Rxb2
46. a4 Kg7 47. g4 Re2 48. Be8 Rxe5 49. Bd7 b5 50. axb5 axb5 51. Kg3 b4 52. Kf4
Kf6 53. h4 Ra5 54. g5+ Ke7 55. Bc6 b3 56. h5 b2 57. Be4 Ra4 0-1

[Event "23. Copenhagen Open  (Politiken Cup)"]
[Site "Copenhagen"]
[Date "2001.07.25"]
[Round "9"]
[White "Skjoldan, Benjamin"]
[Black "Nielsen, Jens Holm"]
[Result "1-0"]
[WhiteElo "1720"]
[BlackElo "2055"]
[PlyCount "119"]
[EventDate "2001.07.16"]
[EventType "swiss"]
[EventRounds "11"]
[EventCountry "DEN"]
[SourceDate "2004.01.01"]

1. d4 d5 2. c4 dxc4 3. e3 e5 4. dxe5 Qxd1+ 5. Kxd1 Nc6 6. Nd2 Nxe5 7. Nxc4 Nxc4
8. Bxc4 Bf5 9. Nf3 Nh6 10. Ke2 O-O-O 11. Bd2 Bd6 12. Bc3 f6 13. Nd4 Rhe8 14.
Nxf5 Nxf5 15. Rad1 Ne7 16. Bf7 Rf8 17. Be6+ Kb8 18. g3 Nc6 19. f4 Bb4 20. Bxb4
Nxb4 21. Rxd8+ Rxd8 22. a3 Nc6 23. Rd1 Rxd1 24. Kxd1 Nd8 25. Bg8 h6 26. Ke2 Kc8
27. Kf3 Kd7 28. e4 b6 29. g4 g5 30. e5 fxe5 31. fxe5 Ne6 32. Ke4 Ng7 33. h3 c6
34. b4 Ke7 35. Bb3 Ne6 36. Bc4 Ng7 37. a4 $11 Kd7 38. b5 c5 39. Bd3 Ne6 40. Kf5
Ke7 41. Bf1 Nf4 42. Ke4 Ne6 43. Kf5 Nd4+ 44. Kg6 Nf3 45. Kf5 Nd2 46. Be2 Kf7
47. e6+ Ke7 48. Ke5 c4 49. Kd5 c3 50. Bd3 c2 51. Bxc2 Nf3 52. Bf5 Nd2 53. Kc6
Nc4 54. Kb7 Nd6+ 55. Kxa7 Nxf5 56. Kxb6 Nd4 57. a5 Nxe6 58. a6 Nf8 59. a7 Nd7+
60. Ka5 1-0